2021-2022 Serie A Teams Quiz - Statistics

General Stats
  • This quiz has been taken 420 times
  • The average score is 16 of 20
Answer Stats
Team % Correct
Internazionale
100%
Juventus
98%
Milan
98%
Roma
97%
Napoli
93%
Lazio
92%
Atalanta
88%
Fiorentina
85%
Torino
82%
Bologna
81%
Hellas Verona
79%
Genoa
78%
Sassuolo
76%
Venezia
75%
Sampdoria
74%
Udinese
73%
Cagliari
72%
Empoli
65%
Salernitana
61%
Spezia
60%
No matching quizzes found
Score Distribution
Percent of People with Each Score
Percentile by Number Answered
Your Score History
You have not taken this quiz